Catálogo público

Las sociedades cooperativas : una opción organizativa en el medio rural Título Las sociedades cooperativas : una opción organizativa en el medio rural / por FIRA (Record no. 216903)

MARC details
000 -CABECERA
campo de control de longitud fija 00825nam a2200229Ia 4500
001 - NÚMERO DE CONTROL
campo de control Z_3286
008 - DATOS DE LONGITUD FIJA--INFORMACIÓN GENERAL
campo de control de longitud fija 220601s9999 xx 000 0 und d
090 ## - LOCALMENTE ASIGNADO TIPO-LC NÚMERO DE CLASIFICACIÓN (OCLC); NÚMERO DE CLASIFICACIÓN LOCAL (RLIN)
Número de clasificación (OCLC) (R) ; Numero de clasificación, CALL (RLIN) (NR) Folleto 369
100 ## - ENTRADA PRINCIPAL--NOMBRE DE PERSONA
Nombre de persona Fideicomisos Instituidos en Relación con la Agricultura. México
9 (RLIN) 139140
245 ## - MENCIÓN DE TÍTULO
Título Las sociedades cooperativas : una opción organizativa en el medio rural Título Las sociedades cooperativas : una opción organizativa en el medio rural / por FIRA
260 ## - PUBLICACIÓN, DISTRIBUCIÓN, ETC.
Lugar de publicación, distribución, etc. México, D. F. : FIRA
300 ## - DESCRIPCIÓN FÍSICA
Extensión 59 p.
440 ## - MENCIÓN DE SERIE/PUNTO DE ACCESO ADICIONAL--TÍTULO
Título FIRA. Boletín informativo XIX (181)
9 (RLIN) 140471
500 ## - NOTA GENERAL
Nota general
503 ## - NOTA DE HISTORIA BIBLIOGRÁFICA (BK CF MU) [OBSOLETO]
Nota de historia bibliográfica
650 ## - PUNTO DE ACCESO ADICIONAL DE MATERIA--TÉRMINO DE MATERIA
Término de materia o nombre geográfico como elemento de entrada 1. Sociedades cooperativas - Colima 2. Desarrollo ruralÌ
9 (RLIN) 180286
901 ## - ELEMENTOS DE DATOS A LOCAL LDA (RLIN)
a Folleto 369
902 ## - ELEMENTOS DE DATOS B LOCAL, LDB (RLIN)
a A
905 ## - ELEMENTOS DE DATOS E LOCAL, LDE (RLIN)
a 0000001986 0000000000 00
942 ## - ELEMENTOS DE PUNTO DE ACCESO ADICIONAL (KOHA)
Tipo de ítem Koha Folleto__
Holdings
Estado de retiro Estado de pérdida Fuente del sistema de clasificación o colocación Estado dañado No para préstamo Código de colección Localización permanente Ubicación/localización actual Ubicación en estantería Fecha de adquisición Total de préstamos Código de barras Fecha visto por última vez Número de copia Precio válido a partir de Tipo de ítem Koha
    Clasificación Universidad Autónoma de Chapingo     Folletos Zootecnia Zootecnia   09/11/2005   z_A0466 02/06/2022 1 02/06/2022 Folleto